The Vanishinf voter: why are the voting boots so empty?

Furkejuvvon:
Bibliográfalaš dieđut
Váldodahkki: Patterson, Thomas E.
Materiálatiipa: Texto
Almmustuhtton: s.l: John Wiley & Sons Inc
Fáttát:
Fáddágilkorat: Lasit fáddágilkoriid
Eai fáddágilkorat, Lasit vuosttaš fáddágilkora!

MARC

LEADER 00000 a a2200000 04500
001 32966
003
040
090 |a 205400  
100 |a Patterson, Thomas E.  
245 |a The Vanishinf voter: why are the voting boots so empty?  
260 |a s.l:   |b John Wiley & Sons Inc  
300 |a 11p.  
500 |a Publicado en: National Civic Review, vol 91 n° 4 winter 2002,  
650 |a VOTACION  
650 |a COMPORTAMIENTO POLITICO  
650 |a ELECCIONES  
650 |a ANALISIS DE DATOS  
650 |a ESTADOS UNIDOS  
999 |c 13647  |d 13647